00393 2200157 4500001002100000008004100021035002000062245003000082100001700112260002800129300002200157020002200179084001400201082000800215990001200223INLIS000000000002805 IND  a0010-0925000152 aRemember MecNaufal Azhar aNaufal Azhar aJakartabEuthaniac2016 a176c(13 x 19 cm) a978-602-398-001-7 a813 NAU r a813 a0755027